Психолого-педагогический практикум

Bibliographische Detailangaben
Weitere Verfasser: Сластёнин В. А. Виталий Александрович (редактор)
Zusammenfassung:Психолого-педагогический практикум содержит разнообразные психологические и педагогические материалы, позволяющие постичь особенности профессиональной деятельности педагога, познать себя. Для анализа и иллюстрации предлагаются педагогические ситуации, этюды, художественные и научно-популярные тексты, детские сочинения, тесты, игры.Для студентов высших педагогических учебных заведений. Может быть полезен педагогам-практикам.
Sprache:Russisch
Veröffentlicht: Москва, Академия, 2011
Ausgabe:6-е изд., стер.
Schriftenreihe:Высшее профессиональное образование. Педагогические специальности
Schlagworte:
Format: Buch
KOHA link:https://koha.lib.tpu.ru/cgi-bin/koha/opac-detail.pl?biblionumber=214181

MARC

LEADER 00000nam0a2200000 4500
001 214181
005 20231101225852.0
010 |a 9785769577765 
035 |a (RuTPU)RU\TPU\book\234038 
035 |a RU\TPU\book\152655 
090 |a 214181 
100 |a 20080714d2011 m y0rusy50 ca 
101 0 |a rus 
102 |a RU 
105 |a a j 000zy 
200 1 |a Психолого-педагогический практикум  |g под ред. В. А. Сластёнина 
205 |a 6-е изд., стер. 
210 |a Москва  |c Академия  |d 2011 
215 |a 224 с.  |c ил. 
225 1 |a Высшее профессиональное образование. Педагогические специальности 
330 |a Психолого-педагогический практикум содержит разнообразные психологические и педагогические материалы, позволяющие постичь особенности профессиональной деятельности педагога, познать себя. Для анализа и иллюстрации предлагаются педагогические ситуации, этюды, художественные и научно-популярные тексты, детские сочинения, тесты, игры.Для студентов высших педагогических учебных заведений. Может быть полезен педагогам-практикам. 
606 1 |a Педагогическая психология взрослых  |2 stltpush  |3 (RuTPU)RU\TPU\subj\48427  |9 67297 
610 1 |a психология 
610 1 |a педагоги 
610 1 |a педагогическая деятельность 
610 1 |a педагогическое общение 
610 1 |a учителя 
610 1 |a профессиональная деятельность 
610 1 |a педагогические техники 
610 1 |a креативность 
610 1 |a практикумы 
610 1 |a учебные пособия 
610 1 |a педагогика 
686 |a Ю940я73  |v LBC/SL-A  |2 rubbk 
702 1 |a Сластёнин  |b В. А.  |g Виталий Александрович  |4 340 
801 1 |a RU  |b 63413507  |c 20120420 
801 2 |a RU  |b 63413507  |c 20150617  |g RCR 
900 |a Психология и педагогика 
942 |c BK 
951 |b 050400  |b 050100 
959 |a 64/20120420  |d 5  |e 270,60  |f ЧЗГЛ:1  |f АНЛ:1  |f УФ:3